|
|
|
|
| LEADER |
00659nta a2200169 i 4500 |
| 001 |
dipl51570 |
| 005 |
20150626110919.0 |
| 008 |
150626s2014 hu om 0|| zxx d |
| 040 |
|
|
|a SZTE Diploma Repozitórium
|b hun
|
| 041 |
|
|
|a zxx
|
| 100 |
1 |
|
|a Ványa Dóra
|
| 245 |
1 |
2 |
|a A digitális egyenlőtlenségek generációs vetületei
|h [elektronikus dokumentum] /
|c Dóra Ványa
|
| 246 |
1 |
0 |
|a The digital inequalities and the generations
|h [elektronikus dokumentum]
|
| 260 |
|
|
|c 2014
|
| 650 |
|
4 |
|a Bölcsészettudományok
|
| 700 |
1 |
|
|a Feleky Gábor
|e ths
|
| 856 |
4 |
0 |
|u http://diploma.bibl.u-szeged.hu/id/eprint/51570/1/2013_V%C3%A1nya_D%C3%B3ra_VADRAAB_SZE_SZ.pdf
|z Dokumentum-elérés
|